000 00892cam a2200193 4500
001 L130557
008 031013n2005 000 0 eng u
035 _a(Sirsi) u130557
041 _aeng
050 _a692.21
_c18
110 _aOffice of the Deputy Prime Minister
_94685
245 4 _aThe economic cost of fire
_bestimates for 2003
260 _aLondon
_bODPM
_c2005
520 _aThis publication provides the results of estimating the economic cost of fire to England and Wales in 2003. It provides estimates for the total and average cost of fire, which are of use to all those who are interested in the impact of fire in terms of the economy as a whole.
590 _aIKA160805
690 _aMANAGEMENT-HEALTH AND SAFETY-FIRE SAFETY
856 _uhttps://www.communities.gov.uk/documents/corporate/pdf/145111.pdf
_zView the item free of charge at www.dclg.gov.uk...
942 _n0
999 _c104480
_d104480